| 000 | 00632cam a2200217 4500 | ||
|---|---|---|---|
| 008 | 090401t1996 xxu||||| |||| 00| 0 eng d | ||
| 020 | _a0580263045 | ||
| 035 | _a(Sirsi) u14407 | ||
| 041 | _aeng | ||
| 110 |
_aBritish Standards Institution _9130 |
||
| 245 | _aBuilding setting-out and measurement. Part 2. Measuring stations and targets. | ||
| 260 |
_aLondon _bBritish Standards Institution _c1996 |
||
| 300 | _a28p. : ill. ; 30cm. | ||
| 350 | _a0 | ||
| 490 |
_aBS _v5964: Part 2: 1996 |
||
| 490 |
_aISO _v4463-2: 1995 |
||
| 650 | _aMEASURING STATIONS | ||
| 690 | _aBUILT ENVIRONMENT | ||
| 942 | _n0 | ||
| 948 | _c04/03/1997 | ||
| 999 |
_c87178 _d87178 |
||